MARC

LEADER 00000nam0a2200000 4500
001 200279
005 20231031184631.0
010 |a 5239011451 
035 |a (RuTPU)RU\TPU\book\218340 
090 |a 200279 
100 |a 20110903d1990 m y0rusy50 ca 
101 0 |a rus 
102 |a RU 
105 |a y z 000zy 
200 1 |a Тайны ХХ века  |e сборник  |f под ред. И. Мосина 
210 |a Москва  |c Вся Москва  |d 1990 
215 |a 411 с. 
610 1 |a будущее 
610 1 |a наука 
610 1 |a прошлое 
610 1 |a 20 век 
610 1 |a тайны 
610 1 |a НЛО 
610 1 |a полтергейст 
610 1 |a электросенсорика 
610 1 |a психотерапия 
610 1 |a загадки 
610 1 |a тайны 
675 |a 5  |v 3 
702 1 |a Мосин  |b И.  |4 340 
801 1 |a RU  |b 63413507  |c 20110903 
801 2 |a RU  |b 63413507  |c 20110909  |g RCR 
942 |c BK